|
|
|
|
| LEADER |
01107nam a2200277 a 4500 |
| 001 |
00025200 |
| 008 |
120604s2010 enka 000 j eng d |
| 999 |
|
|
|c 12341
|d 12341
|
| 020 |
|
|
|a 9780194248877
|
| 020 |
|
|
|a 9780194248396
|
| 040 |
|
|
|a BD-DhAAL
|c BD-DhAAL
|
| 082 |
0 |
0 |
|a 843.7
|2 22
|
| 100 |
1 |
|
|a Dumas, Alexandre.
|9 32752
|
| 245 |
1 |
4 |
|a The three musketeers /
|c Alexandre Dumas, Text adaptation by Clare West and Illustrated by David A. Roach.
|
| 260 |
|
|
|a Oxford ;
|a New York :
|b Oxford University Press,
|c 2010.
|
| 300 |
|
|
|a 68 p. :
|b ill.(chiefly col.) ;
|c 21 cm.
|
| 490 |
1 |
|
|a Dominoes
|
| 500 |
|
|
|a Series editor:Bill Bowler and Sue Parminter
|
| 541 |
1 |
|
|e 00025200
|
| 650 |
|
0 |
|a Swordsmen
|v Fiction
|9 32753
|
| 650 |
|
0 |
|a Historical fiction.
|9 32754
|
| 700 |
1 |
|
|a West,Clare
|9 32755
|
| 700 |
1 |
|
|a Roach,David A.
|9 32756
|
| 852 |
1 |
|
|a Ayesha Abed Library
|j General shelf
|
| 942 |
|
|
|2 ddc
|c BK
|
| 952 |
|
|
|0 0
|1 0
|2 ddc
|4 0
|6 843_700000000000000_DUM
|7 0
|9 20395
|a BRACUL
|b BRACUL
|c GEN
|d 2012-06-04
|e Paragon
|g 165.00
|l 3
|o 843.7 DUM
|p 3010025200
|r 2026-05-03
|s 2026-05-02
|t 1
|w 2012-06-04
|y BK
|x Transferred from BIL to BRACUL on 06/06/22
|